00675 2200181 4500245003600000020002200036250001100058100001800069700002100087650001700108005001900125260004200144041001400186084000800200300002300208500025300231336000900484 aJanji HaticElvira NatalihText a978-979-22-9687-7 aCet. 2 aElvira Natali aDonna Widjajanto aNovel Remaja a20231004132046 aJakartabGramedia Pustaka Utamac2013 aIndonesia a813 a280 hlm. :c20 cm. asayangnya , kedekatan amanda dengan dava memunculkan kembali luka l;ama yang selama ini ditutup rapat oleh waktu. Luka lama yang membuat dava maupun amanda sangat tersiksa. Luka lama yang menghantarkan mereka berdua pada kebenaran yang menyakitkan. atext